000 00579nam a2200169 4500
001 121747
003 ES-MaACL
005 20230906191820.0
007 t|
008 070214s1971 sp r ||||1| spa d
245 0 3 _aEl ahorro y la formación de capital en España
_b: (1939-1968) /
_c[director], Juan Plaza Prieto.
260 _aMadrid :
_bConfederación Española de Cajas de Ahorros,
_c1971.
300 _a2 v. ;
_c25 cm.
700 1 _aPlaza Prieto, Juan.
_992635
710 2 _aConfederación Española de Cajas de Ahorros.
_93148
852 _aES-MaACL
_jC-42344-45
_bR.80876
999 _c121747
_d121747